| 000 | 00423nam a22001457a 4500 | ||
|---|---|---|---|
| 999 |
_c15433 _d15433 |
||
| 020 | _a9789386546098 | ||
| 082 | _a631.4 | ||
| 100 |
_aSarangi , chittaranjanam . _93130 |
||
| 245 | _aSoil fertility and nutrient management in horticulture / | ||
| 260 |
_aNew delhi : _bNew india publishing agency , _c2018 . |
||
| 300 | _a136 ; . | ||
| 700 |
_aSantra ,gour hari . _93131 |
||
| 700 |
_aSahoo , biswanath . _93132 |
||
| 942 | _cBK | ||